September 11, 2001 : (Record no. 6179)
[ view plain ]
| 000 -LEADER | |
|---|---|
| fixed length control field | 00990nam a22002537a 4500 |
| 001 - CONTROL NUMBER | |
| control field | 6179 |
| 003 - CONTROL NUMBER IDENTIFIER | |
| control field | FISKH |
| 005 - DATE AND TIME OF LATEST TRANSACTION | |
| control field | 20250324153556.0 |
| 008 - FIXED-LENGTH DATA ELEMENTS--GENERAL INFORMATION | |
| fixed length control field | 250324b cb ||||| |||| 00| 0 eng d |
| 020 ## - INTERNATIONAL STANDARD BOOK NUMBER | |
| International Standard Book Number | 9780531186923 |
| 040 ## - CATALOGING SOURCE | |
| Original cataloging agency | FISKH |
| Language of cataloging | eng |
| Transcribing agency | FISKH |
| Modifying agency | FISKH |
| 050 ## - LIBRARY OF CONGRESS CALL NUMBER | |
| Classification number | HV6432 .S26 |
| 082 ## - DEWEY DECIMAL CLASSIFICATION NUMBER | |
| Classification number | 973.931 |
| 100 ## - MAIN ENTRY--PERSONAL NAME | |
| Personal name | Santella, Andrew |
| 245 ## - TITLE STATEMENT | |
| Title | September 11, 2001 : |
| Remainder of title | Cornerstones of freedom / |
| Statement of responsibility, etc. | By Andrew Santella |
| 260 ## - PUBLICATION, DISTRIBUTION, ETC. | |
| Place of publication, distribution, etc. | New York : |
| Name of publisher, distributor, etc. | Children's Press ; |
| Date of publication, distribution, etc. | 2002. |
| 300 ## - PHYSICAL DESCRIPTION | |
| Extent | 48 pages : |
| Other physical details | color illustrations ; |
| Dimensions | 24 cm . |
| 490 ## - SERIES STATEMENT | |
| Series statement | Cornerstones of Freedom |
| Volume/sequential designation | Second Series |
| 520 ## - SUMMARY, ETC. | |
| Summary, etc. | Recounts events of September 11, 2001, when terrorists flew into the World Trade Center and the Pentagon, discusses what is known of the terrorists, and relates how America has responded to the tragedy. |
| 650 ## - SUBJECT ADDED ENTRY--TOPICAL TERM | |
| Topical term or geographic name entry element | September 11 Terrorist Attack,2001 |
| Form subdivision | Juvenile Literature |
| 650 ## - SUBJECT ADDED ENTRY--TOPICAL TERM | |
| Topical term or geographic name entry element | Terrorism-United States |
| Form subdivision | Juvenile Literature |
| 942 ## - ADDED ENTRY ELEMENTS (KOHA) | |
| Source of classification or shelving scheme | Dewey Decimal Classification |
| Koha item type | Books |
| Suppress in OPAC | No |
| Withdrawn status | Lost status | Source of classification or shelving scheme | Damaged status | Not for loan | Collection | Home library | Current library | Shelving location | Date acquired | Total Checkouts | Full call number | Barcode | Date last seen | Copy number | Price effective from | Koha item type |
|---|---|---|---|---|---|---|---|---|---|---|---|---|---|---|---|---|
| Dewey Decimal Classification | Non-Fiction | Footprints International School Library Network Toul Tom Poung Campus | Footprints International School Library Network Toul Tom Poung Campus | TTP Secondary Non-Fiction Bookshelves | 03/24/2025 | SAN 973.931 HV6432 .S26 | FIS04715 | 03/24/2025 | 1 | 03/24/2025 | Books | |||||
| Dewey Decimal Classification | Non-Fiction | Footprints International School Library Network Toul Tom Poung Campus | Footprints International School Library Network Toul Tom Poung Campus | TTP Secondary Non-Fiction Bookshelves | 04/22/2025 | SAN 973.931 HV6432 .S26 | FISSE00867 | 04/22/2025 | 2 | 04/22/2025 | Books |
